Normal view
MARC view
- Rahman, saeed ur
Entry Personal Name
001 - CONTROL NUMBER
- control field: 4767
003 - CONTROL NUMBER IDENTIFIER
- control field: NUST
005 - DATE AND TIME OF LATEST TRANSACTION
- control field: 20170921152329.0
008 - FIXED-LENGTH DATA ELEMENTS
- fixed length control field: 170921|| aca||aabn | a|a d
040 ## - CATALOGING SOURCE
- Original cataloging agency: NUST
- Transcribing agency: NUST
100 ## - HEADING--PERSONAL NAME
- Personal name: Rahman, saeed ur
670 ## - SOURCE DATA FOUND
- Source citation: Work cat.: (NUST): Rahman, saeed ur, Investment and security spending Nexus:The Post 9/11 Analysis for Pakistan, 2012
